Psicología de la personalidad: manual de prácticas /

La Psicología de la Personalidad ha sido, y continúa siendo -dada su troncalidad en el currículum del psicólogo-, una de las materias con mayor demanda de actualización de contenidos y materiales para su estudio. Aunque en nuestro país la situación ha mejorado notablemente en los últimos años en cua...

Повний опис

Бібліографічні деталі
Автор: Otero-López, José Manuel (autor)
Інші автори: Luengo, Angeles (autor), Romero, Estrella (autor), Gómez, José Antonio (autor), Castro, Cristina (autor)
Формат: Комплект
Мова:Spanish
Опубліковано: Barcelona: Ariel, 2013.
Редагування:Primera edición
Серія:Ciencias sociales
Предмети:

MARC

LEADER 00000cac a2200000 i 4500
003 Ucuenca
005 20230323062740.0
007 ta
008 014071s2013 sp |||||r|||||||||||spa a
020 |a 978-84-344-0956-9 
040 |b spa  |a UCuenca-cdrjbv  |c UCuenca  |e rda 
041 |a spa 
082 0 |2 21  |a 155.2  |c 111646 
100 1 |a Otero-López, José Manuel.  |9 117986  |e autor 
245 1 0 |a Psicología de la personalidad: manual de prácticas /   |c José Manuel Otero-López, Angeles Luengo, Estrella Romero, [y otros 2]. 
250 |a Primera edición 
264 1 |a Barcelona:   |b Ariel,   |c 2013. 
300 |a 256 páginas:  |b tab  |c 24 cm 
336 |2 rdacontent  |a texto  |b txt 
337 |2 rdamedia  |a no mediado  |b n 
338 |2 rdacarrier  |a volumen  |b nc 
490 0 |a Ciencias sociales 
504 |a incl. ref. 
505 1 |a La personalidad a través de la literatura: entre la ficción y la realidad -- Sistema de clasificación de rasgos en psicología de la personalidad: la utilidad de análisis factorial -- Extraversión: un acercamiento a las posiciones de Eysenck, Gray y Newman -- Acuerdos en la realización de juicios acerca de la personalidad: un aspecto a considerar -- Diferencias individuales en la consistencia transituacional -- Análisis de proyectos personales: el qué y cómo de las metas individuales -- Afanes personales y bienestar subjetivo: un sugerente binomio -- Historia de vida: hacia un metanivel explicativo de la individualidad humana -- El estudio del self: un argumento solido de la psicología de la personalidad contemporánea -- Motivación de logro: aspectos evaluativos -- Estrategias de afrontamiento al estrés -- Relaciones personales: un reto cotidiano que interesa a la psicología de la personalidad -- Optimismo y salud: una relación a explorar. 
520 3 |a La Psicología de la Personalidad ha sido, y continúa siendo -dada su troncalidad en el currículum del psicólogo-, una de las materias con mayor demanda de actualización de contenidos y materiales para su estudio. Aunque en nuestro país la situación ha mejorado notablemente en los últimos años en cuanto a manuales teóricos, la atención a la dimensión práctica que demandan los nuevos planes de estudios ha generado una necesidad aún no atendida: materiales de prácticas. Esta obra nace debido a la urgencia, sentida y compartida por alumnos y profesores, de contar con un manual de prácticas que les aparte de esa inseguridad que a menudo se expresa con interrogantes tales como ¿prácticas de qué?, ¿cuáles?, ¿dónde encontrarlas? Las prácticas, ciertamente, no están disponibles en bibliotecas ni librerías. Las prácticas están por hacer. Esta obra, pues, pretende paliar ese desafortunado vacío integrando distintas prácticas diseñadas para abarcar el amplio campo de la asignatura, en donde todos los temas -rasgos, historias de vida, proyectos personales, el self, etc.- y las controversias -cuantitativo frente a cualitativo, nomotético frente a ideográfico, estabilidad frente a cambio...- tengan cabida. Los autores, dada su dilatada experiencia, han elaborado una obra pensada y dirigida a los alumnos, que les haga huir de la retórica en bien de la claridad expositiva, supeditando los contenidos teóricos al quehacer práctico e integrando todo lo necesario para la ejecución de la práctica, a la par que presentan los contenidos adaptados a nuestro contexto sociocultural, lo que confiere a la obra un ingrediente de innegable valor. En definitiva, la obra intenta erigirse como una útil herramienta para todos aquellos interesados en la personalidad humana. 
650 1 7 |a Personalidad  |9 2819 
650 1 7 |2 UCuenca-cdrjbv  |a Psicología  |9 161 
651 |2 UCuenca-cdrjbv 
700 1 |a Luengo, Angeles.  |9 117987  |e autor 
700 1 |a Romero, Estrella.  |9 117988  |e autor 
700 1 |a Gómez, José Antonio  |9 225654  |e autor 
700 1 |a Castro, Cristina.  |9 225655  |e autor 
852 |a UC-CDJBV 
856 |a http://sibuc.ucuenca.edu.ec/portada/114749-cdj.jpg 
942 |c CR  |0 7  |2 ddc  |r luz.vázquez@ucuenca.edu.ec 
999 |c 69508  |d 69508